Phương pháp giảng dạy chữ Hán cho người học thuộc hệ phi chữ Hán /

में बचाया:
ग्रंथसूची विवरण
मुख्य लेखक: Trần Thị Hoàng Mai.
स्वरूप: लेख
भाषा:Vietnamese
विषय:
टैग : टैग जोड़ें
कोई टैग नहीं, इस रिकॉर्ड को टैग करने वाले पहले व्यक्ति बनें!
Thư viện lưu trữ: Thư viện Trường Đại học Đà Lạt
LEADER 00777nam a2200253 4500
001 DLU150168404
005 ##20150403
040 # # |a DLU  |b vie 
041 # # |a vie 
044 # # |a vn 
100 # # |a Trần Thị Hoàng Mai. 
245 # # |a Phương pháp giảng dạy chữ Hán cho người học thuộc hệ phi chữ Hán /  |c Trần Thị Hoàng Mai 
653 # # |a Chữ hán 
653 # # |a Phương pháp giảng dạy 
773 # # |t Nghiên cứu Đông Bắc Á   |g Số 4(86), 2008, tr. 69-72 
920 # # |a Phòng Tạp chí -- Trung tâm Thông tin - Thư viện Trường Đại học Đà Lạt 
994 # # |a DLU 
900 # # |a True 
911 # # |a Nguyễn Thị Tưởng 
925 # # |a G 
926 # # |a A 
927 # # |a BB 
980 # # |a Thư viện Trường Đại học Đà Lạt